00597nam a22001097a 4500040000800000082002700008100001600035245029500051260002600346300002800372856008700400 cRUA aAVM SOR 2009 B085 Or.1 aSORN, LEAP. astudy on cattle raising of small householder in thmor kaul district, battambang province (ការសិក្សាអំពីការចិញ្ចឹមគោជាលក្ខណៈគ្រួសារនៅស្រុកថ្មគោល ខេត្តបាត់ដំបង) aPhnom PenhbRUAc2009 aviii, 55p.bill.c29cm. uhttps://drive.google.com/file/d/1m8qUZdF-NLlrHM4pkTmb19tNgmHDogNk/view?usp=sharing